00621nam a2200229Ia 4500008004100000020001800041050001600059100001800075245001800093245001600111245002100127260001500148260001600163260000900179300001600188300002000204300001000224300001500234500000800249999001900257952011500276170918s9999 xx 000 0 und d a9789810919177 bS795re 2015 aWheeler, Alex aRebel force : bfirefight / cby Alex Wheeler. aNew York : bScholastic, c2015 a153 pages : billustrations : c19cm. eStar wars. a710 c344157d344157 001040aSSISMbSSISMd2017-09-18l0oGS FIC S795re 2015 vol 4pSSISM3229r2017-09-18 00:00:00w2017-09-18yBK